[Event "Novosibirsk-ch"]
[Site "Novosibirsk"]
[Date "2008.03.01"]
[Round "8"]
[White "Kezin, Roman"]
[Black "Botvinkov, Anton"]
[Result "1/2-1/2"]
[WhiteElo "2162"]
[BlackElo "2218"]
[PlyCount "47"]
[EventDate "2008.02.22"]
[EventType "swiss"]
[EventRounds "9"]
[EventCountry "RUS"]
[SourceTitle "CBM 123 Extra"]
[Source "ChessBase"]
[SourceDate "2008.05.06"]
[SourceVersion "1"]
[SourceVersionDate "2008.05.06"]
[SourceQuality "1"]

1. d4 d6 2. c4 e5 3. d5 c5 4. e4 g6 5. Nc3 Bg7 6. Nf3 Ne7 7. Be2 0-0 8. h4 Nd7 9. h5 f5 10. hxg6 hxg6 11. Bg5 Nf6 12. Nd2 Bd7 13. Bd3 Nh7 14. Bxe7 Qxe7 15. Qe2 Nf6 16. 0-0-0 a6 17. Kb1 Rab8 18. Nf3 b5 19. cxb5 axb5 20. Nh4 b4 21. Nxg6 Qe8 22. Nxf8 bxc3 23. Nxd7 Rxb2+ 24. Qxb2 1/2-1/2

[Event "Novosibirsk Sibiria-B"]
[Site "Novosibirsk"]
[Date "2007.07.24"]
[Round "6"]
[White "Zaichenko, Daria"]
[Black "Botvinkov, Anton"]
[Result "0-1"]
[WhiteElo "2030"]
[BlackElo "2221"]
[PlyCount "90"]
[EventDate "2007.07.20"]
[EventType "tourn"]
[EventRounds "11"]
[EventCountry "RUS"]
[SourceTitle "CBM 119 Extra"]
[Source "ChessBase"]
[SourceDate "2007.09.04"]
[SourceVersion "1"]
[SourceVersionDate "2007.09.04"]
[SourceQuality "1"]

1. d4 d6 2. c4 e5 3. d5 f5 4. Nc3 Nf6 5. Bg5 h6 6. Bxf6 Qxf6 7. e4 Be7 8. Bd3 0-0 9. Nf3 Na6 10. 0-0 Nc5 11. Bc2 f4 12. b4 Nd7 13. Nd2 Qh4 14. f3 g5 15. Qe1 Qh5 16. Qf2 a6 17. Rfd1 Nf6 18. Nf1 g4 19. c5 Kh8 20. cxd6 cxd6 21. Na4 gxf3 22. gxf3 Rg8+ 23. Kh1 Bh3 24. Nd2 Rg2 25. Qxg2 Bxg2+ 26. Kxg2 b5 27. Nb2 Rg8+ 28. Kh1 Nh7 29. Rg1 Ng5 30. Bd1 Bd8 31. Nd3 Bb6 32. Rg4 Nh3 33. Rxg8+ Kxg8 34. Be2 Be3 35. Nb3 Qg6 36. Rf1 h5 37. Na5 h4 38. Nc6 Kf8 39. Bd1 Ng5 40. Nf2 h3 41. Ng4 Nh7 42. Be2 Nf6 43. Nxe3 fxe3 44. Rg1 Qh5 45. Rg3 Nxe4 0-1

[Event "Novosibirsk-ch"]
[Site "Novosibirsk"]
[Date "2007.02.20"]
[Round "7"]
[White "Botvinkov, Anton"]
[Black "Novichkov, Vladimir"]
[Result "0-1"]
[WhiteElo "2225"]
[BlackElo "2128"]
[PlyCount "131"]
[EventDate "2007.02.14"]
[EventType "swiss"]
[EventRounds "9"]
[EventCountry "RUS"]
[SourceTitle "EXT 2008"]
[Source "ChessBase"]
[SourceDate "2007.11.25"]
[SourceVersion "1"]
[SourceVersionDate "2007.11.25"]
[SourceQuality "1"]

1. e4 e5 2. Nf3 Nc6 3. Bc4 Be7 4. d3 Nf6 5. 0-0 0-0 6. Re1 d6 7. c3 Na5 8. Bb5 a6 9. Ba4 b5 10. Bc2 c5 11. Nbd2 Qc7 12. Nf1 Bb7 13. Ng3 Ne8 14. Qe2 Bf6 15. h3 g6 16. b3 Bg7 17. Bb2 Rc8 18. Rad1 Nf6 19. Bb1 d5 20. d4 exd4 21. e5 Ne4 22. Nxe4 dxe4 23. Bxe4 dxc3 24. Bxc3 Bxe4 25. Qxe4 b4 26. Bd2 Rfe8 27. Bf4 Qe7 28. Bg5 Qc7 29. Qh4 Nc6 30. Rd5 Ne7 31. Bxe7 Qxe7 32. Qxe7 Rxe7 33. Rc1 Rec7 34. Rc4 Rc6 35. Nd2 f6 36. exf6 Bxf6 37. Ne4 Be7 38. f3 Kf7 39. Kf2 Ke6 40. Rd1 a5 41. Nd2 Bf6 42. Re4+ Kf7 43. Nc4 Bd4+ 44. Kg3 a4 45. bxa4 Ra6 46. a5 Rb8 47. Rd3 Re6 48. Rb3 Rbe8 49. Rxe6 Kxe6 50. a3 Bc3 51. axb4 cxb4 52. Kf4 Kd5 53. Nb6+ Kc5 54. Kg5 Kb5 55. Kh6 Re7 56. Nd5 Bd2+ 57. f4 Rf7 58. Rd3 Bc1 59. Rd1 Ba3 60. g4 Kxa5 61. h4 b3 62. h5 gxh5 63. Kxh5 b2 64. Rd3 Bc5 65. Rb3 Bd4 66. Nc3 0-1

[Event "Novosibirsk-ch"]
[Site "Novosibirsk"]
[Date "2007.02.15"]
[Round "2"]
[White "Botvinkov, Anton"]
[Black "Koshelev, Vladimir"]
[Result "1-0"]
[WhiteElo "2225"]
[BlackElo "2059"]
[PlyCount "73"]
[EventDate "2007.02.14"]
[EventType "swiss"]
[EventRounds "9"]
[EventCountry "RUS"]
[SourceTitle "EXT 2008"]
[Source "ChessBase"]
[SourceDate "2007.11.25"]
[SourceVersion "1"]
[SourceVersionDate "2007.11.25"]
[SourceQuality "1"]

1. e4 e5 2. Nf3 Nf6 3. Nxe5 d6 4. Nf3 Nxe4 5. d4 d5 6. Bd3 Be7 7. h3 0-0 8. 0-0 Nc6 9. Re1 Bf5 10. Nbd2 Nd6 11. Nf1 Bf6 12. Bf4 Qd7 13. Bxd6 cxd6 14. c3 Be6 15. Qd2 Na5 16. Qf4 Rac8 17. Ng3 Nc4 18. Re2 Bd8 19. Rae1 Ba5 20. Bxh7+ Kxh7 21. Qh4+ Kg8 22. Ng5 Bf5 23. Re7 Rce8 24. Nxf5 Qxf5 25. Rxe8 Ne5 26. Rxf8+ Kxf8 27. dxe5 dxe5 28. Qh8+ Ke7 29. Qxg7 Bc7 30. Nf3 e4 31. Nd4 Qf4 32. Qg3 Qxg3 33. fxg3 Kf6 34. Rf1+ Kg6 35. Rf5 Bxg3 36. Rxd5 e3 37. Kf1 1-0

[Event "Capital of Sibiria op"]
[Site "Novosibirsk"]
[Date "2002.07.22"]
[Round "4"]
[White "Rusakov, Evgeny"]
[Black "Botvinkov, Anton"]
[Result "1/2-1/2"]
[WhiteElo "2049"]
[BlackElo "2182"]
[PlyCount "70"]
[EventDate "2002.07.19"]
[EventType "swiss"]
[EventRounds "9"]
[EventCountry "RUS"]
[SourceTitle "CBM 089 Extra"]
[Source "ChessBase"]
[SourceDate "2002.09.10"]
[SourceVersion "2"]
[SourceVersionDate "2002.09.10"]
[SourceQuality "1"]

1. e4 e6 2. d4 d5 3. Nc3 Bb4 4. e5 c5 5. Bd2 cxd4 6. Nb5 Bc5 7. Qg4 Ne7 8. b4 a6 9. bxc5 axb5 10. Bxb5+ Bd7 11. Bxd7+ Nxd7 12. Qxg7 Rg8 13. Qxh7 Nxe5 14. Ne2 Nc4 15. Nxd4 Nxd2 16. Kxd2 Qa5+ 17. Ke2 Qxc5 18. Qd3 Rxg2 19. Qb5+ Qxb5+ 20. Nxb5 Kd7 21. h4 Nf5 22. Rh3 Rg4 23. h5 Rb4 24. Nc3 Rh8 25. Rah1 Rh6 26. Nd1 Ra4 27. a3 Nd4+ 28. Kd2 Nb5 29. Rb3 Rd4+ 30. Kc1 Nd6 31. Rf3 Rg4 32. Rg3 Rxg3 33. fxg3 f5 34. Nf2 Ne8 35. g4 Ng7 1/2-1/2

[Event "Novosibirsk op"]
[Site "Novosibirsk"]
[Date "2001.07.25"]
[Round "7"]
[White "Botvinkov, Anton"]
[Black "Nam, Konstantin"]
[Result "0-1"]
[WhiteElo "2220"]
[BlackElo "2134"]
[PlyCount "86"]
[EventDate "2001.07.18"]
[EventType "swiss"]
[EventRounds "11"]
[EventCountry "RUS"]
[SourceTitle "CBM 083 Extra"]
[Source "ChessBase"]
[SourceDate "2001.09.11"]
[SourceVersion "1"]
[SourceVersionDate "2001.09.11"]
[SourceQuality "1"]

1. e4 c6 2. d4 d5 3. Nc3 dxe4 4. Nxe4 g6 5. Nf3 Bg7 6. Bc4 Nf6 7. Nxf6+ Bxf6 8. 0-0 0-0 9. Bh6 Re8 10. c3 e6 11. Qd2 Nd7 12. Bg5 Bxg5 13. Qxg5 Qxg5 14. Nxg5 Kg7 15. Rfd1 h6 16. Ne4 Rd8 17. f4 Nb6 18. Bb3 Nd5 19. Bxd5 cxd5 20. Nf2 Bd7 21. Nd3 Rab8 22. a3 Rdc8 23. Kf2 b6 24. Rac1 Ba4 25. Ne5 Rc7 26. Nf3 Rbc8 27. Rd3 a5 28. Ne5 Bb5 29. Rdd1 f6 30. Nf3 Kf7 31. h4 Bd3 32. Nd2 Bf5 33. Kf3 h5 34. Kf2 Bg4 35. Re1 Bf5 36. Nb3 Ke7 37. Rg1 Kd6 38. Rce1 Rg7 39. Nd2 b5 40. Rc1 g5 41. fxg5 fxg5 42. hxg5 Rxg5 43. g3 Rcg8 0-1